000 00397pab a2200157 454500
008 180718b2009 xxu||||| |||| 00| 0 eng d
100 _aKalia, Kanika
245 _aStandards in the changing global water management landscape
260 _c2009
300 _ap.206-217.
362 _aOct-Dec
650 _aWater resources management
773 _aProductivity
908 _aN
909 _a89986
999 _c89986
_d89986